The hive and the honey bee (Record no. 42684)

MARC details
000 -LEADER
fixed length control field 00422nam a2200169Ia 4500
020 ## - INTERNATIONAL STANDARD BOOK NUMBER
ISBN 0915698099
082 ## - DEWEY DECIMAL CLASSIFICATION NUMBER
Classification number 638.124
Item number GRA
100 ## - MAIN ENTRY--AUTHOR NAME
Personal name Graham, Joe M
245 #4 - TITLE STATEMENT
Title The hive and the honey bee
250 ## - EDITION STATEMENT
Edition statement Rev Ed
260 ## - PUBLICATION, DISTRIBUTION, ETC. (IMPRINT)
Place of publication Ilinois
Name of publisher Dadant & Sons
Year of publication 1992
650 ## - SUBJECT ADDED ENTRY--TOPICAL TERM
Topical Term Bee keeping
650 ## - SUBJECT ADDED ENTRY--TOPICAL TERM
Topical Term Bee keeping equipment
650 ## - SUBJECT ADDED ENTRY--TOPICAL TERM
Topical Term Honey bee pests
942 ## - ADDED ENTRY ELEMENTS (KOHA)
Koha item type Books
Holdings
Withdrawn status Lost status Damaged status Not for loan Home library Current library Date acquired Cost, normal purchase price Full call number Accession Number Koha item type
        RRII Library RRII Library 16/12/2021 85.00 638.124 GRA 22951 Books